| 000 | 01575cam a22003977a 4500 | ||
|---|---|---|---|
| 003 | CHAP | ||
| 005 | 20220817043833.0 | ||
| 008 | 020516d2001 mx r 00110 spa d | ||
| 010 | _a85724 | ||
| 011 | _a86696 | ||
| 020 | _a9688847062 | ||
| 035 | _a97235 | ||
| 040 | _cCHAP | ||
| 082 | 0 | 0 |
_a333.7 _bT6 |
| 100 | 1 |
_aTorres Carral, Guillermo. _9114067 |
|
| 245 | 1 | 0 |
_aIntroducción a la economía política ecológica _c/ por Guillermo Torres Carral |
| 260 |
_aChapingo, Méx.: _bUACH. Departamento de Sociología Rural, _c2001 |
||
| 300 | _a256 p. ; anexo | ||
| 590 |
_aBATCH-UPD _b10 _c20130110 _lUCH01 _h1247 |
||
| 590 |
_aBATCH-UPD _b10 _c20130410 _lUCH01 _h0811 |
||
| 590 |
_aBATCH-UPD _b10 _c20130914 _lUCH01 _h1234 |
||
| 590 |
_aBATCH-UPD _b10 _c20161103 _lUCH01 _h0904 |
||
| 590 |
_aCONVERSION _b10 _c20130109 _lUCH01 _h1348 |
||
| 650 | 1 | 4 |
_aEconomía ecológica. _935272 |
| 650 | 1 | 4 | _aPolítica económica. |
| 650 | 1 | 4 |
_aRecursos naturales _xUtilización. _995321 |
| 901 | _aBK | ||
| 905 | _ae.a. h. | ||
| 942 | _cLIBRO | ||
| 949 |
_a333.7 T6 _bBC _cLIBRO _d33724000798559 _eLIBRO _fc.6 _gDonaciØn _h105299 _i97235 _sb |
||
| 949 |
_a333.7 T6 _bBC _cLIBRO _d33724000848560 _eLIBRO _fc.3 _gDonaciØn _h102491 _i97235 _si |
||
| 949 |
_a333.7 T6 _bBC _cLIBRO _d33724000848628 _eLIBRO _fc.2 _gDonaciØn _h102490 _i97235 _si |
||
| 949 |
_a333.7 T6 _bBC _cLIBRO _d33724000848875 _eLIBRO _gDonaciØn _h102489 _i97235 _si |
||
| 949 |
_a333.7 T6 _bBC _cLIBRO _d33724000873675 _eLIBRO _fc.5 _gDonaciØn _h103045 _i97235 _si |
||
| 949 |
_a333.7 T6 _bBC _cUACH _d33724000848503 _eUACH _fc.4 _gDonaciØn _h102492 _i97235 _sb |
||
| 999 |
_c85724 _d85724 |
||